00525nmm a2200169Ia 4500008004100000020001800041041000800059100003500067245002500102264008400127300001800211490003200229650001900261856005100280942000700331999001700338251105s9999||||xx |||||||||||||||||und|| a9788491344346 aeng aGonzález Biosca, Maria Luisa 4aThe Neglected Poetry a[Madrid, España] :bPublicaciones de la Universidad de Valencia (PUV), c2019 a311 páginas aEnglish in the world series aEnglish poetry uhttps://public.digitaliapublishing.com/a/62640 cCF c88535d88535